Class struggle and welfare: (Record no. 1464243)

MARC details
000 -LEADER
fixed length control field 00680 a2200229 4500
005 - DATE AND TIME OF LATEST TRANSACTION
control field 20260407120156.0
008 - FIXED-LENGTH DATA ELEMENTS--GENERAL INFORMATION
fixed length control field 260407b |||||||| |||| 00| 0 eng d
020 ## - INTERNATIONAL STANDARD BOOK NUMBER
International Standard Book Number 9781685900861 (pbk)
037 ## - SOURCE OF ACQUISITION
Terms of availability TB
040 ## - CATALOGING SOURCE
Original cataloging agency CRL
Transcribing agency CRL
041 ## - LANGUAGE CODE
Source of code eng
Language code of text/sound track or separate title eng
084 ## - COLON CLASSIFICATION NUMBER
Classification number YZ R5
Assigning agency CRL
100 ## - MAIN ENTRY--PERSONAL NAME
Personal name Matthews, David
9 (RLIN) 846916
245 ## - TITLE STATEMENT
Title Class struggle and welfare:
Remainder of title Social policy under capitalism
260 ## - PUBLICATION, DISTRIBUTION, ETC.
Place of publication, distribution, etc. New York, India:
Name of publisher, distributor, etc. Monthly Review Press,
Date of publication, distribution, etc. 2025.
300 ## - PHYSICAL DESCRIPTION
Extent 231p.
365 ## - TRADE PRICE
Price amount 23.99
Currency code GBP
650 ## - SUBJECT ADDED ENTRY--TOPICAL TERM
Topical term or geographic name entry element Social Work
650 ## - SUBJECT ADDED ENTRY--TOPICAL TERM
Topical term or geographic name entry element Capitalism
942 ## - ADDED ENTRY ELEMENTS (KOHA)
Koha item type Textbook
Source of classification or shelving scheme Colon Classification (CC)
Classification part YZ R5
Holdings
Withdrawn status Lost status Source of classification or shelving scheme Damaged status Not for loan Home library Current library Date acquired Source of acquisition Cost, normal purchase price Inventory number Total Checkouts Full call number Barcode Date last seen Cost, replacement price Price effective from Koha item type
    Colon Classification (CC)   Ordered Central Library Central Library 2026-04-07 Excel Media 2375.01 6552 & 16/02/2026   YZ R5 CL1926485 2026-02-18 2968.76 2026-02-18 Textbook
Copyright @ Delhi University Library System